Thị dân 3.0
Tìm hiểu về lối sống của tầng lớp thanh thiếu niên thành thị trong thời đại của mạng xã hội và các giá trị ảo; vai trò của lối sống này đối với việc hình thành thế hệ thanh thiếu niên; tìm hiểu những yếu tố tác động đến lối sống...
Kaydedildi:
| Yazar: | |
|---|---|
| Materyal Türü: | Kitap |
| Dil: | Undetermined |
| Baskı/Yayın Bilgisi: |
Thành phố Hồ Chí Minh
Tổng hợp Thành phố Hồ Chí Minh
2014
|
| Konular: | |
| Etiketler: |
Etiketle
Etiket eklenmemiş, İlk siz ekleyin!
|
| Thư viện lưu trữ: | Trung tâm Học liệu Trường Đại học Cần Thơ |
|---|
| LEADER | 00978nam a2200205Ia 4500 | ||
|---|---|---|---|
| 001 | CTU_193130 | ||
| 008 | 210402s9999 xx 000 0 und d | ||
| 020 | |c 55000 | ||
| 082 | |a 305.235 | ||
| 082 | |b Nh100 | ||
| 100 | |a Ngô, Bá Nha | ||
| 245 | 0 | |a Thị dân 3.0 | |
| 245 | 0 | |c Benjamin Ngô | |
| 260 | |a Thành phố Hồ Chí Minh | ||
| 260 | |b Tổng hợp Thành phố Hồ Chí Minh | ||
| 260 | |c 2014 | ||
| 520 | |a Tìm hiểu về lối sống của tầng lớp thanh thiếu niên thành thị trong thời đại của mạng xã hội và các giá trị ảo; vai trò của lối sống này đối với việc hình thành thế hệ thanh thiếu niên; tìm hiểu những yếu tố tác động đến lối sống của thanh niên | ||
| 650 | |a Youth education,Giáo dục thanh niên | ||
| 910 | |a Hải | ||
| 980 | |a Trung tâm Học liệu Trường Đại học Cần Thơ | ||